US Medals by Paralympic sport - Statistics

General Stats
  • This quiz has been taken 5 times
  • The average score is 17 of 28
Answer Stats
Medals Gold Silver Bronze Sport % Correct
45 20 8 17 Archery
100%
1142 385 389 368 Athletics
100%
1 1 0 0 Football 7-a-side
100%
12 3 6 3 Goalball
100%
5 0 3 2 Rowing
100%
5 1 1 3 Shooting
100%
724 283 215 226 Swimming
100%
5 2 2 1 Volleyball
100%
23 13 2 8 Wheelchair basketball
100%
7 3 2 2 Wheelchair rugby
100%
7 2 2 3 Boccia
67%
22 2 7 13 Judo
67%
1 0 1 0 Paracanoe
67%
1 0 0 1 Parataekwondo
67%
67 19 28 20 Road cycling
67%
7 1 3 3 Sailing
67%
53 14 15 24 Table tennis
67%
3 0 1 2 Wheelchair fencing
67%
17 15 2 0 Wrestling
67%
9 5 3 1 Paratriathalon
33%
14 6 3 5 Powerlifting
33%
32 7 13 12 Track cycling
33%
8 3 3 2 Dartchery
0%
20 9 8 3 Equstrian
0%
12 2 3 7 Lawn bowls
0%
2 0 2 0 Snooker
0%
25 7 9 9 Weighlifting
0%
17 6 7 4 Wheelchiar tennis
0%
No matching quizzes found
Score Distribution
Percent of People with Each Score
Percentile by Number Answered
Your Score History
You have not taken this quiz